000 00489nam a22001817a 4500
003 UA-OsUOA
001 8861
007 ta
008 20040907b un ||||| |||| 00| 0 ukr d
100 _aТарасенко О.
942 _cSA
040 _aUA-OsUOA
_cUA-OsUOA
_dUA-OsUOA
245 _aГрафіка Григорія Палатникова
300 _aС.14
955 _a0
773 0 _w0
_tУкраїнська культура
_dКиїв
_d2004
_g№8
650 7 _aГрафіка
_2UDC
999 _c295022
_d295022